[Event "AUT-chT 2324"]
[Site "Austria"]
[Date "2024.03.24"]
[Round "11.2"]
[White "Handler, Lukas"]
[Black "Zilka, Stepan"]
[Result "1-0"]
[WhiteElo "2436"]
[BlackElo "2609"]
[PlyCount "118"]
[EventDate "2023.11.22"]
[EventType "team-tourn"]
[EventRounds "11"]
[EventCountry "AUT"]
[SourceTitle "CBM 219 Extra"]
[Source "ChessBase"]
[SourceDate "2024.05.31"]
[SourceVersion "1"]
[SourceVersionDate "2024.05.31"]
[SourceQuality "1"]
[WhiteTeam "Maria Saal"]
[BlackTeam "Mistelbach"]
[WhiteTeamCountry "AUT"]
[BlackTeamCountry "AUT"]

1. d4 Nf6 2. c4 e6 3. Nf3 b6 4. g3 Bb7 5. Bg2 Be7 6. 0-0 0-0 7. Nc3 Ne4 8. Bd2 d6 9. Qc2 Nxd2 10. Qxd2 Nd7 11. e4 e5 12. Rad1 a5 13. b3 Bf6 14. Rfe1 g6 15. dxe5 Nxe5 16. Nd4 Nd7 17. f4 Bg7 18. e5 Nc5 19. Bxb7 Nxb7 20. Qg2 Nc5 21. exd6 Bxd4+ 22. Rxd4 cxd6 23. Red1 Re8 24. Rxd6 Qe7 25. Qf3 a4 26. b4 Ne4 27. Nxe4 Qxe4 28. Qxe4 Rxe4 29. R6d4 Rae8 30. Rxe4 Rxe4 31. Rc1 Kf8 32. Kf2 f5 33. a3 h5 34. h4 Rd4 35. Ke3 Re4+ 36. Kf2 Rd4 37. Ke3 Re4+ 38. Kd3 Kf7 39. c5 bxc5 40. Rxc5 Re1 41. Rc3 Ke7 42. Kc4 Rb1 43. Rd3 Ke6 44. b5 Ke7 45. Kc5 Rb3 46. Rd4 Rxa3 47. b6 Rc3+ 48. Kb5 a3 49. b7 a2 50. Ra4 Kd7 51. b8N+ Kd6 52. Na6 Rxg3 53. Rxa2 Rg4 54. Rd2+ Ke7 55. Nc7 Rxh4 56. Kc6 Kf6 57. Rd6+ Kg7 58. Ne6+ Kg8 59. Kd5 Rh1 1-0

[Event "AUT-chT 2223"]
[Site "Austria"]
[Date "2022.11.05"]
[Round "3.5"]
[White "Handler, Lukas"]
[Black "Breder, Dennis"]
[Result "1-0"]
[WhiteElo "2442"]
[BlackElo "2424"]
[PlyCount "75"]
[EventDate "2022.11.03"]
[EventType "team-tourn"]
[EventRounds "11"]
[EventCountry "AUT"]
[SourceTitle "EXT 2024"]
[Source "ChessBase"]
[SourceDate "2023.10.10"]
[SourceVersion "1"]
[SourceVersionDate "2023.10.10"]
[SourceQuality "1"]
[WhiteTeam "Maria Saal"]
[BlackTeam "Hohenems"]
[WhiteTeamCountry "AUT"]
[BlackTeamCountry "AUT"]

1. d4 d5 2. c4 c6 3. Nf3 e6 4. e3 Nd7 5. Nc3 Ngf6 6. Be2 Bd6 7. 0-0 0-0 8. b3 b6 9. Bb2 Bb7 10. Bd3 Re8 11. Re1 c5 12. cxd5 exd5 13. Nb5 Bf8 14. Rc1 Ne4 15. Nc3 Re6 16. Bf1 Rc8 17. dxc5 Nxc3 18. Bxc3 bxc5 19. g3 c4 20. b4 Rh6 21. Nd4 Ne5 22. f4 Nc6 23. a3 Ne7 24. Qc2 Qd7 25. Bg2 Ra6 26. Qb2 Rh6 27. Rcd1 Re8 28. Bf3 Nc8 29. Qg2 Nb6 30. Qc2 Na4 31. Ba1 a5 32. Nf5 Rb6 33. Bg4 Kh8 34. Nxg7 Qxg4 35. Nxe8+ d4 36. Bxd4+ f6 37. Nxf6 Qf3 38. Qxh7# 1-0

[Event "AUT-chT 2122"]
[Site "Austria"]
[Date "2022.03.26"]
[Round "7.4"]
[White "Handler, Lukas"]
[Black "Neugebauer, Martin"]
[Result "1/2-1/2"]
[WhiteElo "2423"]
[BlackElo "2501"]
[PlyCount "77"]
[EventDate "2021.11.04"]
[EventType "team-tourn"]
[EventRounds "11"]
[EventCountry "AUT"]
[SourceTitle "EXT 2023"]
[Source "ChessBase"]
[SourceDate "2022.10.05"]
[SourceVersion "1"]
[SourceVersionDate "2022.10.05"]
[SourceQuality "1"]
[WhiteTeam "Maria Saal"]
[BlackTeam "Bregenz"]
[WhiteTeamCountry "AUT"]
[BlackTeamCountry "AUT"]

1. d4 Nf6 2. c4 e6 3. Nf3 b6 4. g3 Ba6 5. Qc2 Bb7 6. Bg2 c5 7. d5 exd5 8. cxd5 Nxd5 9. 0-0 Nc6 10. Rd1 Be7 11. Qa4 Nf6 12. Nh4 0-0 13. Nf5 d5 14. Nc3 Nd4 15. Nxd4 cxd4 16. Rxd4 Bc5 17. Rd1 Qe8 18. Qxe8 Rfxe8 19. e3 Red8 20. Bd2 Ne4 21. Be1 Be7 22. Rac1 Kf8 23. Nb5 a6 24. Nd4 Rac8 25. Bh3 Rxc1 26. Rxc1 Bc5 27. Rd1 g6 28. Ne2 Ke7 29. Bg2 Bd6 30. f3 Ng5 31. Bc3 Bc5 32. Kf2 a5 33. Nd4 Ne6 34. h4 Nxd4 35. Bxd4 Bxd4 36. Rxd4 Rc8 37. Rd2 Rc1 38. a3 Kd6 39. Bf1 1/2-1/2

[Event "AUT-chT 2122"]
[Site "Austria"]
[Date "2022.03.24"]
[Round "5.3"]
[White "Svane, Rasmus"]
[Black "Handler, Lukas"]
[Result "1-0"]
[WhiteElo "2628"]
[BlackElo "2423"]
[PlyCount "151"]
[EventDate "2021.11.04"]
[EventType "team-tourn"]
[EventRounds "11"]
[EventCountry "AUT"]
[SourceTitle "EXT 2023"]
[Source "ChessBase"]
[SourceDate "2022.10.05"]
[SourceVersion "1"]
[SourceVersionDate "2022.10.05"]
[SourceQuality "1"]
[WhiteTeam "Jenbach"]
[BlackTeam "Maria Saal"]
[WhiteTeamCountry "AUT"]
[BlackTeamCountry "AUT"]

1. Nf3 d5 2. g3 g6 3. c4 dxc4 4. Na3 Bg7 5. Nxc4 Nc6 6. d3 e5 7. Bd2 Nge7 8. h4 Be6 9. Bg2 Qd7 10. Ng5 Bd5 11. Ne4 0-0-0 12. Rc1 Kb8 13. Nc5 Qc8 14. Bxd5 Nxd5 15. b4 Bf8 16. Na5 Nxa5 17. bxa5 Bxc5 18. Rxc5 Rhe8 19. Qb3 Qe6 20. 0-0 Nf4 21. Re1 Qxb3 22. axb3 b6 23. Rc4 Ne6 24. Kf1 Kb7 25. Rec1 Rd7 26. Be3 Rd5 27. b4 Re7 28. Ra1 Red7 29. Rc3 Rb5 30. Ra4 Nd4 31. Rc4 h5 32. Ra1 Nf5 33. Bd2 Nd4 34. Be1 Rbd5 35. f3 Nb5 36. Bf2 Nd6 37. Rc2 Nb5 38. Kg2 Nd4 39. Rca2 Nc6 40. Be1 Rb5 41. Ra4 bxa5 42. bxa5 a6 43. Rc4 Nd4 44. Kf1 c5 45. Ra2 Kc6 46. Bc3 Kd5 47. Kf2 Rb1 48. f4 f6 49. e3 Nc6 50. Rc2 Rb5 51. e4+ Kd6 52. Ke3 Ke6 53. Rg2 Nxa5 54. Ra4 Nc6 55. Rxa6 Rd6 56. fxe5 Nxe5 57. Rxd6+ Kxd6 58. Ra2 Rb6 59. Ra7 Nd7 60. Kd2 Ke6 61. Kc2 Rd6 62. Ra8 Kf7 63. Bd2 Rb6 64. Be3 Rb4 65. Ra1 Rb7 66. Kc3 Ne5 67. Bxc5 Rd7 68. d4 Ng4 69. Kc4 Nf2 70. Re1 Ng4 71. Re2 Ke6 72. d5+ Ke5 73. Bd4+ Kd6 74. Bxf6 Rc7+ 75. Kd4 Nxf6 76. e5+ 1-0

[Event "AUT-chT 2122"]
[Site "Austria"]
[Date "2021.11.05"]
[Round "2.3"]
[White "Handler, Lukas"]
[Black "Schreiner, Peter"]
[Result "1-0"]
[WhiteElo "2423"]
[BlackElo "2424"]
[PlyCount "81"]
[EventDate "2021.11.04"]
[EventType "team-tourn"]
[EventRounds "11"]
[EventCountry "AUT"]
[SourceTitle "CBM 205 Extra"]
[Source "ChessBase"]
[SourceDate "2022.01.31"]
[SourceVersion "1"]
[SourceVersionDate "2022.01.31"]
[SourceQuality "1"]
[WhiteTeam "Maria Saal"]
[BlackTeam "Raika Feffernitz"]
[WhiteTeamCountry "AUT"]
[BlackTeamCountry "AUT"]

1. d4 Nf6 2. c4 d6 3. Nc3 Nbd7 4. e4 e5 5. Nf3 g6 6. Be2 Bg7 7. Be3 0-0 8. 0-0 h6 9. dxe5 Ng4 10. exd6 Nxe3 11. fxe3 c6 12. Qd2 a5 13. Rad1 a4 14. Bd3 Qa5 15. a3 Nc5 16. e5 Be6 17. Qc2 Bg4 18. Ne4 Bxf3 19. gxf3 Nxe4 20. Bxe4 Qxe5 21. f4 Qc5 22. f5 Qxe3+ 23. Kh1 gxf5 24. Bxf5 Qb3 25. Qxb3 axb3 26. Rd2 Ra5 27. d7 Rd8 28. Rf3 Re5 29. Bh3 b5 30. cxb5 cxb5 31. Rxb3 Kf8 32. Bf1 h5 33. Rxb5 Re1 34. Kg2 Bh6 35. Rd3 Ke7 36. Kf2 Rb1 37. Bh3 Bf4 38. Kf3 Bxh2 39. Re3+ Kf6 40. Re8 Bc7 41. Rc5 1-0

[Event "Online Olym Div2 B"]
[Site "Chess.com INT"]
[Date "2020.08.16"]
[Round "7.1"]
[White "Handler, Lukas"]
[Black "Gazik, Viktor"]
[Result "0-1"]
[WhiteElo "2420"]
[BlackElo "2508"]
[PlyCount "84"]
[EventDate "2020.08.14"]
[EventType "team-tourn (rapid)"]
[EventRounds "9"]
[EventCountry "USA"]
[SourceTitle "CBM 198"]
[Source "ChessBase"]
[SourceDate "2020.10.31"]
[SourceVersion "1"]
[SourceVersionDate "2020.10.31"]
[SourceQuality "1"]
[WhiteTeam "Austria"]
[BlackTeam "Slovakia"]
[WhiteTeamCountry "AUT"]
[BlackTeamCountry "SVK"]

1. d4 Nf6 2. c4 Nc6 3. Nf3 d6 4. Nc3 e5 5. d5 Ne7 6. e4 g6 7. h3 Bg7 8. Be3 Nd7 9. g4 a5 10. Nd2 Nc5 11. Qc2 Bd7 12. f3 f5 13. gxf5 gxf5 14. 0-0-0 Bf6 15. f4 exf4 16. Bxf4 Ng6 17. Bh6 f4 18. e5 Bxe5 19. Nde4 Nxe4 20. Nxe4 Qe7 21. Bd3 0-0-0 22. Bg5 Qg7 23. Bxd8 Kxd8 24. c5 Ke7 25. h4 f3 26. Rdf1 Rf8 27. Kb1 Bd4 28. c6 bxc6 29. dxc6 Bg4 30. Ng5 Ne5 31. Bxh7 Rb8 32. b3 a4 33. Bf5 axb3 34. axb3 Bxf5 35. Qxf5 Rxb3+ 36. Kc1 Rc3+ 37. Kd1 Rd3+ 38. Kc2 Rc3+ 39. Kd1 Qg8 40. Qh7+ Qxh7 41. Nxh7 Be3 42. Rxf3 Nxf3 0-1

[Event "Graz op-A"]
[Site "Graz"]
[Date "2020.02.21"]
[Round "9"]
[White "Danner, Georg"]
[Black "Handler, Lukas"]
[Result "0-1"]
[WhiteElo "2295"]
[BlackElo "2422"]
[PlyCount "73"]
[EventDate "2020.02.14"]
[EventType "swiss"]
[EventRounds "9"]
[EventCountry "AUT"]
[SourceTitle "CBM 195 Extra"]
[Source "ChessBase"]
[SourceDate "2020.05.31"]
[SourceVersion "1"]
[SourceVersionDate "2020.05.31"]
[SourceQuality "1"]

1. d4 d5 2. Nf3 Nf6 3. c4 e6 4. e3 b6 5. Bd3 Bb7 6. 0-0 Bd6 7. Nc3 0-0 8. Nb5 dxc4 9. Bxc4 Be7 10. Qe2 c5 11. Rd1 Qc8 12. dxc5 Qxc5 13. b4 Qc8 14. a3 Rd8 15. Rxd8+ Qxd8 16. Bb2 Nbd7 17. Rd1 a6 18. Nbd4 Qe8 19. h3 b5 20. Bb3 Nb6 21. Ne5 Bd5 22. Bxd5 Nfxd5 23. e4 Nf6 24. Ndf3 Nfd7 25. Nxd7 Nxd7 26. Qe3 Bf8 27. Qd4 Nb8 28. Ne5 Nc6 29. Nxc6 Qxc6 30. Rc1 Qe8 31. Qb6 Qd8 32. Bd4 Be7 33. Qxd8+ Bxd8 34. Rc6 Kf8 35. Kf1 g6 36. Ke2 Ke8 37. Bc5 0-1

[Event "Steyr Landesliga 1920"]
[Site "Austria"]
[Date "2019.10.19"]
[Round "3.1"]
[White "Schachinger, Mario"]
[Black "Handler, Lukas"]
[Result "1/2-1/2"]
[WhiteElo "2401"]
[BlackElo "2420"]
[PlyCount "99"]
[EventDate "2019.09.28"]
[EventType "team-tourn"]
[EventRounds "11"]
[EventCountry "AUT"]
[SourceTitle "CBM 193 Extra"]
[Source "ChessBase"]
[SourceDate "2020.01.31"]
[SourceVersion "1"]
[SourceVersionDate "2020.01.31"]
[SourceQuality "1"]
[WhiteTeam "Gratwein Strassengel"]
[BlackTeam "Graz Schachfreunde"]
[WhiteTeamCountry "AUT"]
[BlackTeamCountry "AUT"]

1. e4 e6 2. Qe2 Be7 3. Nf3 d5 4. d3 Nf6 5. Nbd2 Nc6 6. c3 e5 7. g3 Bg4 8. h3 Bh5 9. g4 Bg6 10. Nh4 Qd7 11. Bg2 d4 12. c4 0-0-0 13. a3 Ne8 14. Nf5 f6 15. b4 Bf8 16. Nb3 Bf7 17. b5 Nb8 18. Bd2 g6 19. Ng3 Ng7 20. Qd1 Ne6 21. Ne2 h5 22. f4 g5 23. f5 Nc5 24. Nxc5 Bxc5 25. Nc1 hxg4 26. hxg4 Rxh1+ 27. Bxh1 Rh8 28. Bg2 Qe7 29. Qa4 a6 30. Nb3 axb5 31. Qxb5 Na6 32. Nxc5 Qxc5 33. Qb2 Be8 34. Rb1 Bc6 35. Kf2 Rh4 36. Bb4 Qb6 37. Kg3 Ba4 38. Be7 Qxb2 39. Rxb2 Rh6 40. Bf3 Nb8 41. Rh2 Rxh2 42. Kxh2 Nd7 43. Kg3 c5 44. Kf2 b6 45. Ke1 Kb7 46. Bd1 Bc6 47. Kd2 Ka6 48. Kc1 Ka5 49. Kb2 Bb7 50. Bb3 1/2-1/2

[Event "AUT-chT 1920"]
[Site "Austria"]
[Date "2019.10.12"]
[Round "3.2"]
[White "Handler, Lukas"]
[Black "Miesbauer, Jan"]
[Result "1-0"]
[WhiteElo "2420"]
[BlackElo "2390"]
[PlyCount "95"]
[EventDate "2019.10.10"]
[EventType "team-tourn"]
[EventRounds "11"]
[EventCountry "AUT"]
[SourceTitle "EXT 2020"]
[Source "ChessBase"]
[SourceDate "2019.10.17"]
[SourceVersion "1"]
[SourceVersionDate "2019.10.17"]
[SourceQuality "1"]
[WhiteTeam "Maria Saal"]
[BlackTeam "Mayrhofen/Zillertal"]
[WhiteTeamCountry "AUT"]
[BlackTeamCountry "AUT"]

1. d4 d5 2. Nf3 Nf6 3. c4 e6 4. Nc3 a6 5. cxd5 exd5 6. Bg5 Be6 7. e3 Nbd7 8. Bd3 Bd6 9. 0-0 0-0 10. Qc2 h6 11. Bf4 Qe7 12. h3 Rfe8 13. Ne5 c5 14. Nxd7 Nxd7 15. Bxd6 Qxd6 16. dxc5 Nxc5 17. Rfd1 Qe5 18. b4 Nd7 19. Ne2 Rac8 20. Qd2 Nf6 21. Nf4 Qc3 22. Qxc3 Rxc3 23. Rac1 Rec8 24. Ne2 Ra3 25. Rxc8+ Bxc8 26. Bb1 Be6 27. Rd2 Kf8 28. Nd4 Ke7 29. Rd3 Rxd3 30. Bxd3 Nd7 31. Kf1 Ne5 32. Ke2 Kd6 33. Kd2 g5 34. Kc3 Nd7 35. a4 Nf6 36. a5 Ng8 37. Be2 Ne7 38. Bg4 Ng6 39. Be2 Bd7 40. Bh5 Nh4 41. g3 Ng6 42. Bg4 Ne7 43. Bxd7 Kxd7 44. b5 Nc8 45. Kb4 axb5 46. Nxb5 Ne7 47. Kc5 Kc8 48. Nd6+ 1-0

[Event "AUT-chT 1920"]
[Site "Austria"]
[Date "2019.10.11"]
[Round "2.6"]
[White "Skoberne, Jure"]
[Black "Handler, Lukas"]
[Result "1/2-1/2"]
[WhiteElo "2567"]
[BlackElo "2420"]
[PlyCount "101"]
[EventDate "2019.10.10"]
[EventType "team-tourn"]
[EventRounds "11"]
[EventCountry "AUT"]
[SourceTitle "EXT 2020"]
[Source "ChessBase"]
[SourceDate "2019.10.17"]
[SourceVersion "1"]
[SourceVersionDate "2019.10.17"]
[SourceQuality "1"]
[WhiteTeam "Raika Feffernitz"]
[BlackTeam "Maria Saal"]
[WhiteTeamCountry "AUT"]
[BlackTeamCountry "AUT"]

1. b3 e5 2. Bb2 d6 3. e3 Nf6 4. h3 g6 5. g4 Bg7 6. Bg2 c6 7. Ne2 Nbd7 8. Ng3 0-0 9. d4 exd4 10. Bxd4 Nc5 11. Nd2 Ne6 12. Bc3 Ne8 13. Bxg7 N8xg7 14. f4 d5 15. Nf3 Re8 16. 0-0 Qb6 17. Nd4 Nxd4 18. exd4 Re3 19. Kf2 Re7 20. Qd2 Bd7 21. Rfe1 Rae8 22. c3 Qc7 23. Rxe7 Rxe7 24. Re1 Qd6 25. Rxe7 Qxe7 26. Qe3 Qxe3+ 27. Kxe3 f6 28. c4 Be6 29. f5 gxf5 30. gxf5 Bf7 31. c5 Kf8 32. Bf3 Ke7 33. b4 a6 34. Kd2 Kd7 35. Kc3 Kc7 36. Be2 Be8 37. h4 Bd7 38. Bd3 Be8 39. Be2 Bd7 40. Bg4 Be8 41. a4 Bd7 42. Kd2 Bc8 43. Kd3 Bd7 44. Ke3 b5 45. cxb6+ Kxb6 46. Kd2 a5 47. Kc3 h6 48. Kb3 Bc8 49. Kc3 Bd7 50. Kb3 Bc8 51. Kc3 1/2-1/2

[Event "Vienna op"]
[Site "Vienna"]
[Date "2019.08.22"]
[Round "7"]
[White "Peralta, Fernando"]
[Black "Handler, Lukas"]
[Result "1-0"]
[WhiteElo "2572"]
[BlackElo "2411"]
[PlyCount "69"]
[EventDate "2019.08.17"]
[EventType "swiss"]
[EventRounds "9"]
[EventCountry "AUT"]
[SourceTitle "EXT 2020"]
[Source "ChessBase"]
[SourceDate "2019.10.17"]
[SourceVersion "1"]
[SourceVersionDate "2019.10.17"]
[SourceQuality "1"]

1. d4 d5 2. c4 e6 3. Nf3 Nf6 4. Nc3 Bb4 5. Qa4+ Nc6 6. e3 0-0 7. Qc2 dxc4 8. Bxc4 a6 9. 0-0 Bd6 10. a3 e5 11. h3 h6 12. Bd2 Re8 13. dxe5 Nxe5 14. Nxe5 Bxe5 15. f4 Bxc3 16. Bxc3 Qe7 17. Rae1 Be6 18. Bd3 Rad8 19. b4 Bb3 20. Qe2 Qe6 21. Rf3 Nd5 22. Ba1 f6 23. Bg6 Rf8 24. Bb1 Ne7 25. e4 Bc4 26. Qf2 Qb6 27. Rfe3 Be6 28. Kh1 Rd7 29. Qg3 Bf7 30. e5 Nd5 31. e6 Nxe3 32. exd7 Nd5 33. Qd3 g6 34. Re8 Qc6 35. Rxf8+ 1-0

[Event "Vienna op"]
[Site "Vienna"]
[Date "2019.08.20"]
[Round "5"]
[White "Sadilek, Peter"]
[Black "Handler, Lukas"]
[Result "0-1"]
[WhiteElo "2283"]
[BlackElo "2411"]
[PlyCount "60"]
[EventDate "2019.08.17"]
[EventType "swiss"]
[EventRounds "9"]
[EventCountry "AUT"]
[SourceTitle "EXT 2020"]
[Source "ChessBase"]
[SourceDate "2019.10.17"]
[SourceVersion "1"]
[SourceVersionDate "2019.10.17"]
[SourceQuality "1"]

1. d4 d5 2. c4 e6 3. g3 Nf6 4. Bg2 dxc4 5. Nf3 Bd7 6. Nbd2 Bb5 7. Ne5 Nbd7 8. Bxb7 Nxe5 9. dxe5 Rb8 10. Bg2 Ng4 11. a4 Ba6 12. Bc6+ Ke7 13. b3 Nxe5 14. Bb5 Bb7 15. 0-0 Qd5 16. e4 Qd4 17. Ba3+ Kf6 18. Nxc4 Qxd1 19. Rfxd1 Nxc4 20. Bxf8 Rhxf8 21. Bxc4 Bxe4 22. Rd7 Rb7 23. Rc1 Rfb8 24. a5 c6 25. Rxb7 Rxb7 26. Rc3 Ke5 27. Ba6 Rb4 28. Bc4 Kd6 29. Kf1 Bd5 30. Bxd5 exd5 0-1

[Event "Teplice op 14th"]
[Site "Teplice"]
[Date "2019.06.19"]
[Round "5"]
[White "Handler, Lukas"]
[Black "Ivanov, Igor4"]
[Result "0-1"]
[WhiteElo "2418"]
[BlackElo "2157"]
[PlyCount "120"]
[EventDate "2019.06.15"]
[EventType "swiss"]
[EventRounds "9"]
[EventCountry "CZE"]
[SourceTitle "CBM 191 Extra"]
[Source "ChessBase"]
[SourceDate "2019.09.30"]
[SourceVersion "1"]
[SourceVersionDate "2019.09.30"]
[SourceQuality "1"]

1. d4 g6 2. c4 Bg7 3. Nc3 d6 4. Nf3 e5 5. g3 exd4 6. Nxd4 Ne7 7. Bg2 Nbc6 8. Nxc6 Nxc6 9. c5 Nd4 10. Bh6 Bxh6 11. Qxd4 0-0 12. cxd6 Bg7 13. Qb4 a5 14. Qa3 Qxd6 15. Qxd6 Bxc3+ 16. bxc3 cxd6 17. Rb1 Be6 18. a3 Rab8 19. Rb6 Rfc8 20. Kd2 Rc4 21. Rc1 Ra4 22. Ra1 d5 23. e3 Rc4 24. Bf1 Rc7 25. Ba6 Bf5 26. Ra2 Bd7 27. Rab2 Bc6 28. Bb5 Bxb5 29. R6xb5 Rbc8 30. Rc2 Rc5 31. Rxb7 Kg7 32. h4 h5 33. Rb3 Kf6 34. Rcb2 Kf5 35. f3 f6 36. Rb5 g5 37. Rxc5 Rxc5 38. Kd3 gxh4 39. gxh4 Ke5 40. Rb8 Kf5 41. a4 Ke6 42. Rb6+ Kf7 43. Rb5 Rc4 44. Rxa5 Rxh4 45. Rxd5 Kg6 46. c4 Rh1 47. a5 h4 48. Kc3 h3 49. Kb2 Rg1 50. Rd8 h2 51. Rh8 h1Q 52. Rxh1 Rxh1 53. Kb3 Kf5 54. Kb4 Ke6 55. Kb5 Kd6 56. Kb6 Rb1+ 57. Ka7 Kc7 58. a6 Rc1 59. Ka8 Rxc4 60. a7 Rh4 0-1

[Event "Teplice op 14th"]
[Site "Teplice"]
[Date "2019.06.17"]
[Round "3"]
[White "Handler, Lukas"]
[Black "Babula, Vlastimil1"]
[Result "0-1"]
[WhiteElo "2418"]
[BlackElo "1930"]
[PlyCount "82"]
[EventDate "2019.06.15"]
[EventType "swiss"]
[EventRounds "9"]
[EventCountry "CZE"]
[SourceTitle "CBM 191 Extra"]
[Source "ChessBase"]
[SourceDate "2019.09.30"]
[SourceVersion "1"]
[SourceVersionDate "2019.09.30"]
[SourceQuality "1"]

1. d4 Nf6 2. c4 e6 3. Nf3 b6 4. g3 Ba6 5. Qc2 c5 6. d5 exd5 7. cxd5 g6 8. Bg2 Bg7 9. 0-0 0-0 10. Nc3 d6 11. a4 Re8 12. Re1 Bb7 13. e4 Na6 14. Bf4 Nh5 15. Bg5 Qd7 16. h3 h6 17. Be3 Nf6 18. Rad1 Nb4 19. Qb1 Ba6 20. Bf4 Rad8 21. e5 Nh5 22. e6 Qe7 23. Bc1 c4 24. Nd4 Bb7 25. Be4 f5 26. Bf3 Nf6 27. Nde2 Nh7 28. Be3 Nd3 29. Rxd3 cxd3 30. Qxd3 Rc8 31. h4 Nf8 32. h5 Nxe6 33. hxg6 Ng5 34. Bg2 Ne4 35. Bh3 Qf6 36. Nb5 Qxg6 37. Nf4 Qf7 38. f3 Ng5 39. Bxf5 Nxf3+ 40. Kh1 Nxe1 41. Bh7+ Kh8 0-1

[Event "AUT-chT 1819"]
[Site "Austria"]
[Date "2019.03.31"]
[Round "9.6"]
[White "Novkovic, Milan"]
[Black "Handler, Lukas"]
[Result "0-1"]
[WhiteElo "2354"]
[BlackElo "2395"]
[PlyCount "50"]
[EventDate "2018.11.15"]
[EventType "team-tourn"]
[EventRounds "11"]
[EventCountry "AUT"]
[SourceTitle "CBM 189 Extra"]
[Source "ChessBase"]
[SourceDate "2019.05.31"]
[SourceVersion "1"]
[SourceVersionDate "2019.05.31"]
[SourceQuality "1"]
[WhiteTeam "Hohenems"]
[BlackTeam "Maria Saal"]
[WhiteTeamCountry "AUT"]
[BlackTeamCountry "AUT"]

1. c4 e5 2. e3 Nf6 3. d4 exd4 4. exd4 d5 5. Nf3 Be7 6. Nc3 0-0 7. cxd5 Nxd5 8. Bd3 Be6 9. 0-0 Nd7 10. Re1 Re8 11. a3 h6 12. Bc2 N7f6 13. Na4 b6 14. Qd3 Bd6 15. Ne5 c5 16. Bd2 Qc7 17. Rac1 Rad8 18. Bb1 Ne7 19. Qf3 Qb8 20. Bxh6 cxd4 21. Qf4 Ng6 22. Bxg6 fxg6 23. Qg5 Bxe5 24. Rxe5 Bf7 25. Rxe8+ Nxe8 0-1

[Event "AUT-chT2M 1819"]
[Site "Austria"]
[Date "2019.03.01"]
[Round "9.4"]
[White "Heinemann, Thies"]
[Black "Handler, Lukas"]
[Result "1-0"]
[WhiteElo "2515"]
[BlackElo "2395"]
[PlyCount "127"]
[EventDate "2018.10.19"]
[EventType "team-tourn"]
[EventRounds "11"]
[EventCountry "AUT"]
[SourceTitle "CBM 189 Extra"]
[Source "ChessBase"]
[SourceDate "2019.05.31"]
[SourceVersion "1"]
[SourceVersionDate "2019.05.31"]
[SourceQuality "1"]
[WhiteTeam "Gleisdorf"]
[BlackTeam "Maria Saal II"]
[WhiteTeamCountry "AUT"]
[BlackTeamCountry "AUT"]

1. e4 c5 2. Nf3 Nc6 3. Bb5 g6 4. Bxc6 dxc6 5. d3 Bg7 6. h3 e5 7. Be3 b6 8. Qd2 h6 9. Nc3 Be6 10. a3 Ne7 11. b4 f5 12. Qe2 f4 13. Bd2 cxb4 14. axb4 0-0 15. Qd1 g5 16. Ra6 Ng6 17. Qa1 h5 18. Kd1 Rf7 19. Kc1 g4 20. hxg4 hxg4 21. Ne1 Rc8 22. Nd1 Rd7 23. Nb2 c5 24. bxc5 Rxc5 25. Rxa7 Rxa7 26. Qxa7 Rc8 27. Qb7 Ne7 28. Bb4 Nc6 29. Bc3 Ne7 30. Nd1 Qd6 31. Qa6 Qc6 32. Qa3 Ng6 33. Bb4 Ra8 34. Qc3 Qb5 35. Kd2 Ra4 36. Bd6 Qb1 37. Qb2 Ra1 38. Qxb1 Rxb1 39. Ba3 Bf6 40. Nc3 Ra1 41. Bb2 Ra5 42. Ne2 f3 43. gxf3 Bg5+ 44. Kd1 Rb5 45. Rh5 Be7 46. Kc1 gxf3 47. Nc3 Ra5 48. Nd5 Bd8 49. Ne3 Nf4 50. Rxe5 Ra2 51. Rb5 Ne2+ 52. Kd2 Bd7 53. Rd5 Be7 54. Nxf3 Bc6 55. Kxe2 Rxb2 56. Re5 Bf8 57. Nd4 Ba4 58. Kf3 b5 59. Ne6 Ba3 60. Rf5 b4 61. Nd4 Rb1 62. Ra5 Be8 63. Ra8 Kf7 64. Nc4 1-0

[Event "AUT-chT2M 1819"]
[Site "Austria"]
[Date "2018.11.25"]
[Round "5.2"]
[White "Velicka, Petr"]
[Black "Handler, Lukas"]
[Result "1/2-1/2"]
[WhiteElo "2428"]
[BlackElo "2395"]
[PlyCount "68"]
[EventDate "2018.10.19"]
[EventType "team-tourn"]
[EventRounds "11"]
[EventCountry "AUT"]
[SourceTitle "CBM 187 Extra"]
[Source "ChessBase"]
[SourceDate "2018.11.04"]
[SourceVersion "1"]
[SourceVersionDate "2018.11.04"]
[SourceQuality "1"]
[WhiteTeam "Steyregg"]
[BlackTeam "Maria Saal II"]
[WhiteTeamCountry "AUT"]
[BlackTeamCountry "AUT"]

1. e4 c5 2. Nf3 d6 3. Bb5+ Bd7 4. Bxd7+ Qxd7 5. c4 Nc6 6. Nc3 g6 7. d4 cxd4 8. Nxd4 Bg7 9. Nde2 Nf6 10. f3 0-0 11. 0-0 e6 12. Bg5 a6 13. a4 Qc7 14. Rb1 Rac8 15. b3 Nd7 16. Kh1 Nc5 17. Qc2 Rfe8 18. Rfd1 h5 19. Be3 Na5 20. Bd4 Ncxb3 21. Rxb3 Nxb3 22. Qxb3 Qxc4 23. Qxb7 Rb8 24. Qa7 Ra8 25. Qd7 Rad8 26. Qa7 d5 27. Bxg7 Kxg7 28. exd5 exd5 29. Qd4+ Qxd4 30. Rxd4 Re3 31. h3 Rde8 32. Rxd5 Rxe2 33. Nxe2 Rxe2 34. Kg1 Re6 1/2-1/2

[Event "Steyr Landesliga 1819"]
[Site "Austria"]
[Date "2018.11.17"]
[Round "5.2"]
[White "Handler, Lukas"]
[Black "Singer, Richard"]
[Result "1-0"]
[WhiteElo "2389"]
[BlackElo "2201"]
[PlyCount "93"]
[EventDate "2018.10.06"]
[EventType "team-tourn"]
[EventRounds "11"]
[EventCountry "AUT"]
[SourceTitle "CBM 189 Extra"]
[Source "ChessBase"]
[SourceDate "2019.05.31"]
[SourceVersion "1"]
[SourceVersionDate "2019.05.31"]
[SourceQuality "1"]
[WhiteTeam "Fuerstenfeld/Hartberg"]
[BlackTeam "Gamlitz"]
[WhiteTeamCountry "AUT"]
[BlackTeamCountry "AUT"]

1. d4 Nf6 2. c4 e6 3. Nf3 d5 4. Nc3 Bb4 5. Bg5 h6 6. Bxf6 Qxf6 7. e3 0-0 8. Rc1 Nd7 9. cxd5 exd5 10. a3 Bxc3+ 11. Rxc3 Qd6 12. Qc2 c6 13. Bd3 Nf6 14. 0-0 Re8 15. Ne5 Be6 16. b4 a6 17. f4 Rad8 18. h3 Bc8 19. Qf2 Ne4 20. Bxe4 dxe4 21. f5 Rxe5 22. dxe5 Qxe5 23. Rc5 Qf6 24. Qf4 Re8 25. Rc4 g5 26. fxg6 Qxg6 27. Kh2 Kg7 28. Rd4 Be6 29. Qxe4 Bd5 30. Qxg6+ Kxg6 31. Rg4+ Kh7 32. Re1 f5 33. Rf4 Kg6 34. g4 fxg4 35. hxg4 Be4 36. Kg3 Bc2 37. e4 Re5 38. Kf3 Bb3 39. Rf8 Re7 40. e5 Kg7 41. Rd8 Kg6 42. Ke4 Kg5 43. Rd6 Be6 44. Rf1 Bxg4 45. Rff6 h5 46. Rg6+ Kh4 47. e6 1-0